000 00427pab a2200169 454500
008 180718b2013 xxu||||| |||| 00| 0 eng d
100 _aChandra, N.D.R.
245 _aRole of centre for policy and research (CPR) in universities
260 _c2013
300 _ap.3-6,12.
362 _a14 Oct
650 _aUniversities
700 _aBandela, Anil Prasad
773 _aUniversity News
908 _aN
909 _a101407
999 _c101405
_d101405